000
00310nam a2200121Ia 4500
008
220217s9999||||xx |||||||||||||| ||und||
082
_a
423 OXF
100
_a
Oxford
245
0
_a
Colour Oxford dictionary
260
_a
Oxford university press
_b
Oxford
_c
2007
300
_b
395
650
_a
DICTIONARY
_9
678
999
_c
175272
_d
175272